000 00599nam a2200157Ia 4500
005 20250319025525.0
008 240331s9999 xx 000 0 und d
020 _a0415084601
082 _bKUH
_a791.43015
100 _aKuhn, A
245 4 _aThe Power of the Image:
_bEssays on Representation and Sexuality
260 _aNew York;
_aLondon,
_bRoutledge
_c1985
300 _avi, 146 p.,
500 _aIn this challenging collection of essays Annette Kuhn analyses a wide range of films and still photographs, she explores and develops ideas on culturally dominant images and how they work
942 _cL
999 _c3070
_d3070